000 00311nam a2200109Ia 4500
008 240731s9999 xx 000 0 und d
245 0 _aRorschach Research Exchange and Journal of Projective Techniques
260 _bRoutledge
856 _uhttps://www.tandfonline.com/loi/hzrp20
942 _2ddc
942 _cTFEJ
999 _c79271
_d79271
945 _a1
_bMadushi Gamage
_c1
_dMadushi Gamage